00457 2200193 4500001002100000005001500021008004100036020002200077035001900099041000700118082000800125090001400133100001300147245002700160260002400187300002700211500001100238650001400249INLIS00000000000266320241224112559241224||||||||| | ||| |||| || |  a978-979-054-275-4 0010-1224002663 aid0 a796 a796 AMI a0 aAminudin00aAtletik dan Tekiniknya aBogorbQuadrac2010 aiv+72 hlm;17.5 x 25 cm aCet. 1 0aOlah Raga